书目信息 |
| 题名: |
产业结构经济学原理
|
|
| 作者: | 吴国华 著 | |
| 分册: | ||
| 出版信息: | 杭州 浙江大学出版社 1994.01 |
|
| 页数: | 196页 | |
| 开本: | 16开 | |
| 丛书名: | ||
| 单 册: | ||
| 中图分类: | F121.3 | |
| 科图分类: | ||
| 主题词: | 经济--中国 | |
| 电子资源: | ||
| ISBN: | 7-308-01470-3 | |
| 000 | 00553nam0 2200193 45 | |
| 001 | 0010061771 | |
| 005 | 20001006174251.8 | |
| 010 | @a7-308-01470-3@d6.25元 | |
| 100 | @a20001006d km y0chiy0120 ea | |
| 101 | 0 | @achi |
| 105 | @a z 000yy | |
| 200 | 1 | @a产业结构经济学原理@AChan Ye Jie Gou Jing Ji Xue Yuan Li@f吴国华著@FWu Guo Hua Zhu |
| 210 | @a杭州@c浙江大学出版社@d1994.01 | |
| 215 | @a196页@d16开 | |
| 606 | 0 | @a经济@x中国 |
| 690 | @aF121.3@v3 | |
| 701 | 0 | @a吴国华@4著 |
| 801 | @aCN@bPftUser@c20001006 | |
| 905 | @b168923-927@dF121.3@eW320@f5 | |
| 产业结构经济学原理/吴国华著.-杭州:浙江大学出版社,1994.01 |
| 196页;16开 |
| ISBN 7-308-01470-3:6.25元 |
| ● |
| 相关链接 |
|
|
|
正题名:产业结构经济学原理
索取号:F121.3/W320
 
预约/预借
| 序号 | 登录号 | 条形码 | 馆藏地/架位号 | 状态 | 备注 |
| 1 | 168923 | 201689235 | 社科库409/ [索取号:F121.3/W320] | 在馆 | |
| 2 | 168924 | 201689244 | 社科二线400B/400B社科库 32排3列6层/ [索取号:F121.3/W320] | 在馆 | |
| 3 | 168925 | 201689253 | 社科库409/409社科库 68排3列4层/ [索取号:F121.3/W320] | 在馆 | |
| 4 | 168926 | 201689262 | 社科库409/409社科库 68排3列4层/ [索取号:F121.3/W320] | 在馆 | |
| 5 | 168927 | 201689271 | 社科二线400B/400B社科库 32排3列6层/ [索取号:F121.3/W320] | 在馆 |